Спектры поглащения силикатной керамики после облучения; Известия вузов. Физика; № 2

Bibliographische Detailangaben
Parent link:Известия вузов. Физика=Russian Physics Journal.— , 1958-2017, 2020-.— 0021-3411
№ 2.— 1965.— С. 175-177
1. Verfasser: Белоусов В. М.
Sprache:Russisch
Veröffentlicht: 1965
Schlagworte:
Format: Buchkapitel
KOHA link:https://koha.lib.tpu.ru/cgi-bin/koha/opac-detail.pl?biblionumber=590872

MARC

LEADER 00000naa2a2200000 4500
001 590872
005 20231101131631.0
035 |a (RuTPU)RU\TPU\tpu\445 
035 |a TPU00000445 
090 |a 590872 
100 |a 20011210a1965 k y0rusy50 ca 
101 0 |a rus 
102 |a RU 
200 1 |a Спектры поглащения силикатной керамики после облучения  |f В. М. Белоусов 
461 |0 (RuTPU)RU\TPU\prd\191  |x 0021-3411  |t Известия вузов. Физика  |l Russian Physics Journal  |d 1958-2017, 2020- 
463 |0 (RuTPU)RU\TPU\prd\76657  |t № 2  |v С. 175-177  |d 1965 
610 1 |a физика 
610 1 |a силикатная керамика 
610 1 |a облучение 
610 1 |a спектры поглощения 
610 1 |a труды учёных ТПУ 
700 1 |a Белоусов  |b В. М. 
801 0 |a RU  |b 63413507  |c 20011210  |g PSBO 
801 2 |a RU  |b 63413507  |c 20220708  |g PSBO 
942 |c BK